|
|
|
|
| LEADER |
00000naa2a2200000 4500 |
| 001 |
152391 |
| 005 |
20231031150952.0 |
| 035 |
|
|
|a (RuTPU)RU\TPU\book\165221
|
| 035 |
|
|
|a RU\TPU\tpu\15444
|
| 090 |
|
|
|a 152391
|
| 100 |
|
|
|a 20090130d1968 k y0rusy50 ca
|
| 101 |
0 |
|
|a rus
|
| 102 |
|
|
|a RU
|
| 200 |
1 |
|
|a Природа несовершенства кристаллов
|f А. М. Кузьмин
|
| 320 |
|
|
|a Библиогр.: 17 назв.
|
| 463 |
|
0 |
|0 (RuTPU)RU\TPU\book\135390
|t Итоги исследований по геологии и географии за 50 лет (1917-1967)
|o труды Межвузовской научной конференции, посвященной пятидесятилетию Великой Октябрьской социалистической революции
|f Томский государственный университет; под ред. Р. Н. Щербакова
|v С. 34-52
|d 1968
|p 204 с.
|
| 610 |
1 |
|
|a труды учёных ТПУ
|
| 700 |
|
1 |
|a Кузьмин
|b А. М.
|c российский геолог
|c профессор Томского политехнического института
|f 1891-1980
|g Алексей Михайлович
|2 stltpush
|3 (RuTPU)RU\TPU\pers\13901
|
| 801 |
|
1 |
|a RU
|b 63413507
|c 20081203
|g PSBO
|
| 801 |
|
2 |
|a RU
|b 63413507
|c 20111006
|g PSBO
|
| 942 |
|
|
|c BK
|